000 00860nam a22003017b 4500
001 000573
003 DO-SdBNP
005 20180202132048.0
007 000573
008 071016s 2001 sp | ||| ||spa
015 _a
016 7 _a
_2BPMSU
017 _a
_b
020 _a8421820133
040 _a BPMSU
_bspa
_cBPMSU
_e
080 0 _a
100 1 _aFernández Gabaldón, Susana
245 1 0 _aMás allá de las tres dunas /
_cSusana Fernández Gabaldón ; ilustraciones, Marina Seoane.
_h
250 _a5ª ed.
260 _aBarcelona :
_bMagisterio Casals,
_c2007.
300 _a205 p. :
_bil. ;
_c21 cm
490 1 _aPunto juvenil
_v 61
700 1 2 _aSeoane, Marina,
_d1957-
_eil.
830 0 _aPunto juvenil ;
_v61
942 _2ddc
_cBK
945 _aInventariado, 2018 /LP
956 _aLOPEREZ
_210
_320161019
_6BPMSU
_800041
999 _c11614
_d11614